Lectures in corporate finance (Record no. 1628)

000 -LEADER
fixed length control field 00618nam a22002177a 4500
005 - DATE AND TIME OF LATEST TRANSACTION
control field 20210423060753.0
008 - FIXED-LENGTH DATA ELEMENTS--GENERAL INFORMATION
fixed length control field 210219s2006 ||||| |||| 00| 0 eng d
020 ## - INTERNATIONAL STANDARD BOOK NUMBER
International Standard Book Number 9780757557675
040 ## - CATALOGING SOURCE
Transcribing agency DLC
Original cataloging agency eng
041 ## - LANGUAGE CODE
Language code of text/sound track or separate title eng
080 ## - UNIVERSAL DECIMAL CLASSIFICATION NUMBER
Universal Decimal Classification number 336
Item number K-17
100 ## - MAIN ENTRY--PERSONAL NAME
9 (RLIN) 994
Personal name Kale.Jayant R
245 ## - TITLE STATEMENT
Title Lectures in corporate finance
Statement of responsibility, etc. / by: Kendall/Hunt Publishing Company
250 ## - EDITION STATEMENT
Edition statement 5th edition
260 ## - PUBLICATION, DISTRIBUTION, ETC.
Place of publication, distribution, etc. Dubuque, Iowa
Name of publisher, distributor, etc. Kendall/Hunt Publishing Company
Date of publication, distribution, etc. 1998
300 ## - PHYSICAL DESCRIPTION
Extent 335 p.
650 #0 - SUBJECT ADDED ENTRY--TOPICAL TERM
9 (RLIN) 454
Topical term or geographic name entry element Finances
653 ## - INDEX TERM--UNCONTROLLED
Uncontrolled term ფინანსები
700 ## - ADDED ENTRY--PERSONAL NAME
9 (RLIN) 997
Personal name Fendler.Richard J
942 ## - ADDED ENTRY ELEMENTS (KOHA)
Source of classification or shelving scheme
Koha item type Books
Edition 5
Holdings
Withdrawn status Lost status Source of classification or shelving scheme Damaged status Not for loan Permanent location Current location Date acquired Inventory number Total Checkouts Full call number Barcode Date last seen Price effective from Koha item type
          Ken Walker International University Ken Walker International University 02/22/2021 1564   336 K-17 1564 02/22/2021 02/22/2021 Books

Powered by Koha